Detalles MARC
| 000 -LÍDER |
| Campo fijo de descripción fija |
01485aam a2200313 i 4500 |
| 001 - NÚMERO DE CONTROL |
| Campo de control |
19852 |
| 003 - IDENTIFICADOR DEL NÚMERO DE CONTROL |
| Campo de control |
CO-MdFUSB |
| 005 - FECHA Y HORA DE LA ULTIMA TRANSACCIÓN |
| control field |
20180727100823.0 |
| 008 - ELEMENTOS DE LONGITUD FIJA -- INFORMACIÓN GENERAL |
| Campo fijo de descripción fija -- Información general |
180727t1984 enk||||g |||| 00| 0 eng d |
| 020 ## - NÚMERO INTERNACIONAL NORMALIZADO PARA LIBROS |
| Número Internacional Normalizado del libro |
0-225-66418-6 |
| 040 ## - FUENTE DE CATALOGACIÓN |
| Agencia de catalogación original |
CO-MdFUSB |
| Idioma de catalogación |
spa |
| Agencia que realiza la transcripción |
CO-MdFUSB |
| Agencia que realiza la modificación |
CO-MdFUSB |
| Convenciones de la descripción |
rda |
| 041 ## - CÓDIGO DE IDIOMA |
| Código de idioma para texto/pista de sonido o título separado |
eng |
| 082 ## - NÚMERO DE CLASIFICACIÓN DECIMAL DEWEY |
| Número de la edición del Dewey |
24 |
| Número de clasificación |
G 232.5 |
| Clave de autor-Numero de item |
P448r |
| 100 1# - ASIENTO PRINCIPAL--NOMBRE PERSONAL |
| Nombre personal |
Perkins, Pheme |
| Término relacionador |
autor |
| 245 10 - TÍTULO |
| Título del Material |
Resurrection |
| Parte restante del título - Subtitulo |
: New Testament witness and contemporary reflection |
| Mención de responsabilidad, etc. |
/ Pheme Perkins |
| 264 #1 - PRODUCCIÓN, PUBLICACIÓN, DISTRIBUCIÓN, MANUFACTURA, Y COPYRIGHT |
| Lugar de producción, publicación, distribución, manufactura |
London : |
| Nombre del productor, publicador, distribuidor |
Geoffrey Chapman, |
| Fecha de producción, publicación, distribución, manufactura, o copyright |
℗1984 |
| 264 #4 - PRODUCCIÓN, PUBLICACIÓN, DISTRIBUCIÓN, MANUFACTURA, Y COPYRIGHT |
| Fecha de producción, publicación, distribución, manufactura, o copyright |
©1984 |
| 300 ## - DESCRIPCIÓN FÍSICA |
| Extensión |
504 páginas |
| Dimensiones |
; 25 cm |
| 336 ## - TIPO DE CONTENIDO |
| Fuente |
rdacontent |
| Término de tipo de contenido |
texto |
| Código de tipo de contenido |
txt |
| 337 ## - TIPO DE MEDIO |
| Fuente |
rdamedia |
| Nombre del tipo de medio |
sin mediación |
| Código del tipo de medio |
n |
| 338 ## - TIPO DE SOPORTE |
| Fuente |
rdacarrier |
| Nombre del tipo de soporte |
volumen |
| Código Tipo de soporte |
nc |
| 501 ## - NOTA DE “CON” |
| Nota de Contenido |
Incluye índice (páginas 480-504) |
| 504 ## - NOTA DE BIBLIOGRAFÍA, ETC. |
| Nota de bibliografía, etc |
Bibliografía (páginas 253- 479) |
| 505 0# - NOTA DE CONTENIDO |
| Nota de contenido con formato preestablecido |
La cuestión de la resurrección -- Resurrección y inmortalidad en el judaísmo -- La resurrección y la vida de Jesús -- Resurrección en los Evangelios: Marcos y Mateo -- Resurrección en los Evangelios: Lucas y Juan -- Resurrección como comisión apostólica -- Resurrección como kerygma -- Resurrección como la presencia de Jesús -- Resurrección y el futuro de los cristianos -- Resurrección y el cristianismo del segundo siglo -- Resurrección y los fundamentos de la fe cristiana -- Resurrección y el encuentro contemporánea con la muerte |
| 563 ## - NOTA DE ENCUADERNACIÓN |
| Nota de encuadernación |
Pasta dura |
| 650 #7 - ASIENTO SECUNDARIO DE MATERIA - TERMINO TEMÁTICO |
| 9 (RLIN) |
214 |
| Término temático o nombre geográfico como elemento de entrada |
Resurrección |
| 942 ## - TIPO DE MATERIAL (KOHA) |
| Tipo de Item KOHA |
Libros General |